| 000 | 01822nam a22002417a 4500 | ||
|---|---|---|---|
| 003 | DO-SdBJH | ||
| 005 | 20240412131125.0 | ||
| 008 | 240412b |||||||| |||| 00| 0 spa d | ||
| 040 |
_aDO-SdBJH _bspa _cDO-SdBJH |
||
| 090 |
_aTG EGCEMC _b02033 2022 |
||
| 100 | 1 |
_aLajara Martínez, Jahzeel Alexander _esustentante |
|
| 245 | 1 | 0 |
_aPropuesta de un plan de acción para la gestión de riesgo a inundaciones en zonas vulnerables del Municipio bajo de Haina, dirigido a la Brigada Operativa para Mitigación a Desastres del Ejército de República Dominicana / _cJahzeel Alexander Lajara Martínez, Joel Luis Jiménez Offer, asesores Delly Teannis Méndez Gómez, Johany Josefina Acevedo Cabrera |
| 260 |
_aSanto Domingo : _bINSUDE, _c2022 |
||
| 300 | _axi, 72 páginas, cuadros, gráficos | ||
| 502 | _aTesis (Especialidad en Comando y Estado Mayor Conjunto) -- Instituto Superior para la Defensa (INSUDE). Escuela de Graduados en Comando y Estado Mayor “General de División Gregorio Luperón”, 2022. | ||
| 504 | _aIncluye referencias bibliográficas e índices | ||
| 505 | _aNivel de vulnerabilidad frente a las inundaciones del Municipio Bajos de Haina, San Cristobal. -- Rol y funciones de la Brigada Operativa para la Mitigación a Desastres (BRIOMD) y el plan relámpago en relación a las inundaciones. -- Propuesta de acciones a implementar para mitigar los impactos y posibles daños ante inundaciones en zonas vulnerables del Municipio Bajo de Haina dirigido a la BRIOMD | ||
| 700 | 1 |
_aJiménez Offer, Joel Luis _esustentante |
|
| 700 | 1 |
_aMéndez Gómez, Delly Teannis _easesor |
|
| 700 | 1 |
_aAcevedo Cabrera , Johany Josefina _easesor |
|
| 830 | _aINSUDE. Escuela de Graduados en Comando y Estado Mayor “General de División Gregorio Luperón”. Tesis y disertaciones academicas | ||
| 942 |
_2CL _cT |
||
| 999 |
_c7717 _d7717 |
||